Portuguese Loanwords - Statistics

General Stats
  • This quiz has been taken 15 times
  • The average score is 15 of 22
Answer Stats
Definition Word % Correct
A large, pink wading bird F Flamingo
100%
A large, brown fruit of a palm tree C Coconut
92%
A tuberous vegetable native to the Americas P Potato
92%
The absence of pigmentation resulting in white physical features A Albino
83%
Food made from heating sugars at high temperatures C Caramel
83%
A large flightless bird endemic to Australia E Emu
83%
A region of Canada bordering Quebec and the Atlantic; Newfoundland and _______ L Labrador
83%
A fleshy, yellowish-red tropical fruit native to Southeast Asia and India M Mango
83%
A language formed from the contact of two languages; Of mixed European and African descent C Creole
75%
A dye or type of dark blue I Indigo
75%
A blood-sucking fly M Mosquito
75%
An armored vehicle used in front-line ground combat T Tank
75%
An undead creature brought to life by reanimation of a corpse Z Zombie
75%
A heavily built wild ox with backswept horns; a bison or city in New York B Buffalo
67%
A large small cat native to the Americas; also called a puma, panther, or mountain lion C Cougar
58%
A seasonal wind reversal accompanied by variable precipitation levels; common in Asia M Monsoon
58%
A starch extracted from cassava T Tapioca
58%
A musical instrument that consists of wooden bars struck by mallets M Marimba
50%
Art of the 17th and 18th centuries that followed mannerism and detail B Baroque
33%
An elite unit trained for carrying out raids and operating in small teams behind lines C Commando
33%
A small, fast sailing ship commonly used by the Spanish and Portuguese C Caravel
25%
Having practical knowledge in a field, such as technology S Savvy
8%
No matching quizzes found
Score Distribution
Percent of People with Each Score
Percentile by Number Answered
Your Score History
You have not taken this quiz